Celebrity Stage Names - Male Musicians - Statistics

General Stats
  • This quiz has been taken 35 times
  • The average score is 10 of 15
Answer Stats
Hint Answer % Correct
John Bon Jovi
John Francis Bongiovi Jr.
97%
Sting Gordon Matthew Thomas Sumner
85%
Freddie Mercury Farrokh Bulsara
82%
Elton John Reginald Kenneth Dwight
79%
Jay Z Shawn Carter
76%
Snoop Dogg Calvin Cordozar Broadus Jr.
73%
Stevie Wonder Stevland Hardaway Judkins
73%
John Denver Henry John Deutschendorf Jr.
70%
Bad Bunny
Benito Antonio Martínez Ocasio
64%
Bono Paul David Hewson
64%
The Weeknd Abel Tesfaye
61%
Meat Loaf Marvin Lee Aday
58%
Gene Simmons Chaim Witz
48%
Moby Richard Melville Hall
39%
Ice-T Tracy Lauren Marrow
36%
No matching quizzes found
Score Distribution
Percent of People with Each Score
Percentile by Number Answered
Your Score History
You have not taken this quiz